000
00260 a2200097 4500
001
41779
100
_a
Smith A
245
_a
An Inquiry in to the Natural Causes of the Wealth of Nations
260
_a
London
_b
Encyclopedia Britannica
_c
090
_c
25890
_d
25890
942
_a
NUST-CAE
_c
M
_c
17658
999
_c
276852
_d
276852